000 00764nam a2200241Ia 4500
008 191130s2009##################000#0#eng##
020 _a9780230527362
022 _a2009043409
040 _aACL
_cACL
082 _a320.54 PRY
100 _aPryke, Sam
245 _aNationalism in a global world
_cSam Pryke
260 _aHoundmills, Basingstoke, Hampshire ; New York
_bPalgrave Macmillan
_cc2009
300 _avii, 223 p. ; 24 cm
500 _aIncludes bibliographical references (p.204-214) and index
650 _aCulture and globalization
650 _aGlobalization - Economic aspects
650 _aGlobalization - Political aspects
650 _aNationalism
990 _a7b7bcda3ac10000c39fa80bc4b3c55d7
991 _a190997
999 _c19057
_d19057